00734nam a22001577a 4500003000900000005001700009008004100026040001300067100002500080245008400105250000600189260003700195300001900232490001800251520030700269IT-RoPau20220918181218.0131202b xxu||||| |||| 00| 0 eng d cIT-RoPau aEsposito, Rosario F. aL'encilclica "Tametsi futura" e la notte eucaristica del secolobNel Centenario aI aRomabCasa Generalizia SSPc2000 a318 pp.c22 cm aEd. San paolo aIndice Generale Sommario Sigle Prefazione Avvertenze per la lettura Introduzione - L'autore della "Tametsi futura" Appendice - Documenti dell'Archivio Segreto Vaticano Prima parte - L'encliclica "Tametsi futura" storia e contenuti Seconda parte - Le "encicliche" preparatorie Documentazioni e fonti